पृथ्वीवर माणूस उपराच ! (Record no. 470320)

MARC details
000 -LEADER
fixed length control field 00583nam a2200145Ia 4500
008 - FIXED-LENGTH DATA ELEMENTS--GENERAL INFORMATION
fixed length control field 100204s9999 xx 000 0 und d
082 ## - DEWEY DECIMAL CLASSIFICATION NUMBER
Item number 25139
100 ## - MAIN ENTRY--PERSONAL NAME
Personal name नाडकर्णी सुरेशचंद्र्र
245 ## - TITLE STATEMENT
Title पृथ्वीवर माणूस उपराच !
260 ## - PUBLICATION, DISTRIBUTION, ETC. (IMPRINT)
Name of publisher, distributor, etc "मेहता पब्लिशिंग हाऊस , पुणे"
Date of publication, distribution, etc 2001 6
300 ## - PHYSICAL DESCRIPTION
Extent 82
630 ## - SUBJECT ADDED ENTRY--UNIFORM TITLE
Uniform title पृथ्वीवर माणूस उपराच !
730 ## - ADDED ENTRY--UNIFORM TITLE
Uniform title पृथ्वीवर माणूस उपराच !
942 ## - ADDED ENTRY ELEMENTS (KOHA)
Koha item type Book
Holdings
Withdrawn status Lost status Damaged status Not for loan Home library Current library Date acquired Cost, normal purchase price Total Checkouts Full call number Barcode Date last seen Cost, replacement price Price effective from Koha item type
        N. C. Kelkar Sarvajanik Library, Mulund N. C. Kelkar Sarvajanik Library, Mulund 03/01/2002 60.00   25139 NCKMULUND-25139 02/04/2010 60.00 02/04/2010 Book